Model for monetary policy analysis

Enregistré dans:
Détails bibliographiques
Auteur principal: Vlček, Jan
Format: Chapitre de livre
Langue:anglais
Sujets:
Tags: Ajouter un tag
Pas de tags, Soyez le premier à ajouter un tag!

MARC

LEADER 00000naa$a2200000$$$4500
001 0020543
005 20221128114107.3
041 0 |a eng 
044 |a SK 
245 1 0 |a Model for monetary policy analysis  |c Jan Vlček 
610 2 0 |a modely ekonomické 
610 2 0 |a modely makroekonomické 
610 2 0 |a politika menová 
610 2 0 |a analýzy 
100 1 |a Vlček, Jan